| 000 | 03082nam a22006377a 4500 | ||
|---|---|---|---|
| 003 | CHAP | ||
| 005 | 20220329140820.0 | ||
| 008 | 971013s1955 r 00010 d | ||
| 010 | _a58069 | ||
| 011 | _a59041 | ||
| 035 | _a63198 | ||
| 040 | _cCHAP | ||
| 082 |
_a631.3 _bS55 1955 |
||
| 100 | 0 | 0 |
_aSmith Harris, Pearson. _9106941 |
| 245 | _aFarm machinery and equipment | ||
| 250 | _a4 ed. | ||
| 260 |
_aNew York : _bMcGraw-Hill, _c1955 |
||
| 300 |
_a514 p. _b: ilus. |
||
| 590 |
_aBATCH-UPD _b10 _c20130110 _lUCH01 _h0815 |
||
| 590 |
_aBATCH-UPD _b10 _c20130410 _lUCH01 _h0452 |
||
| 590 |
_aBATCH-UPD _b10 _c20130914 _lUCH01 _h1758 |
||
| 590 |
_aCONVERSION _b10 _c20130109 _lUCH01 _h1331 |
||
| 650 | 1 | 4 |
_aMaquinaria agrÃcola. _971151 |
| 901 | _aBK | ||
| 942 | _cLIBRO | ||
| 949 |
_a631.3 S55 1955 _bBC _cBPA _d-135725 _eBPA _i63198 _si |
||
| 949 |
_a631.3 S55 1955 _bBC _cBPA _d-139741 _eBPA _fc.6 _h20844 _i63198 _si |
||
| 949 |
_a631.3 S55 1955 _bBC _cBPA _d-139742 _eBPA _fc.7 _h20845 _i63198 _si |
||
| 949 |
_a631.3 S55 1955 _bBC _cBPA _d-139743 _eBPA _fc.8 _h20846 _i63198 _si |
||
| 949 |
_a631.3 S55 1955 _bBC _cBPA _d-139744 _eBPA _fc.9 _h20847 _i63198 _si |
||
| 949 |
_a631.3 S55 1955 _bBC _cBPA _d-139745 _eBPA _fc.10 _h20848 _i63198 _si |
||
| 949 |
_a631.3 S55 1955 _bBC _cBPA _d-139746 _eBPA _fc.11 _h20849 _i63198 _si |
||
| 949 |
_a631.3 S55 1955 _bBC _cBPA _d-139747 _eBPA _fc.12 _h20850 _i63198 _si |
||
| 949 |
_a631.3 S55 1955 _bBC _cBPA _d-139748 _eBPA _fc.13 _h20851 _i63198 _si |
||
| 949 |
_a631.3 S55 1955 _bBC _cBPA _d-139749 _eBPA _fc.14 _h20852 _i63198 _si |
||
| 949 |
_a631.3 S55 1955 _bBC _cBPA _d-139750 _eBPA _fc.15 _h20853 _i63198 _si |
||
| 949 |
_a631.3 S55 1955 _bBC _cBPA _d-139751 _eBPA _fc.16 _h20867 _i63198 _si |
||
| 949 |
_a631.3 S55 1955 _bBC _cBPA _d-139752 _eBPA _fc.17 _h20868 _i63198 _si |
||
| 949 |
_a631.3 S55 1955 _bBC _cBPA _d-139753 _eBPA _fc.18 _h20854 _i63198 _si |
||
| 949 |
_a631.3 S55 1955 _bBC _cBPA _d-139754 _eBPA _fc.19 _h20855 _i63198 _si |
||
| 949 |
_a631.3 S55 1955 _bBC _cBPA _d-139755 _eBPA _fc.20 _h20856 _i63198 _si |
||
| 949 |
_a631.3 S55 1955 _bBC _cBPA _d-139756 _eBPA _fc.21 _h20857 _i63198 _si |
||
| 949 |
_a631.3 S55 1955 _bBC _cBPA _d-139757 _eBPA _fc.22 _h20858 _i63198 _si |
||
| 949 |
_a631.3 S55 1955 _bBC _cBPA _d-139758 _eBPA _fc.23 _h20859 _i63198 _si |
||
| 949 |
_a631.3 S55 1955 _bBC _cBPA _d-139759 _eBPA _fc.24 _h20860 _i63198 _si |
||
| 949 |
_a631.3 S55 1955 _bBC _cBPA _d-139760 _eBPA _fc.25 _h20861 _i63198 _si |
||
| 949 |
_a631.3 S55 1955 _bBC _cBPA _d-139761 _eBPA _fc.26 _h20862 _i63198 _si |
||
| 949 |
_a631.3 S55 1955 _bBC _cBPA _d-139762 _eBPA _fc.27 _h20863 _i63198 _si |
||
| 949 |
_a631.3 S55 1955 _bBC _cBPA _d-139763 _eBPA _fc.28 _h20864 _i63198 _si |
||
| 949 |
_a631.3 S55 1955 _bBC _cBPA _d-139764 _eBPA _fc.29 _h20865 _i63198 _si |
||
| 949 |
_a631.3 S55 1955 _bBC _cBPA _d-139765 _eBPA _fc.30 _h20866 _i63198 _si |
||
| 949 |
_a631.3 S55 1955 _bBC _cBPA _d33724000058277 _eBPA _fc.5 _h20843 _i63198 _si |
||
| 949 |
_a631.3 S55 1955 _bBC _cBPA _d33724000058285 _eBPA _fc.4 _h20842 _i63198 _si |
||
| 949 |
_a631.3 S55 1955 _bBC _cBPA _d33724000058293 _eBPA _fc.3 _h20841 _i63198 _si |
||
| 949 |
_a631.3 S55 1955 _bBC _cBPA _d33724000058301 _eBPA _fc.2 _h20840 _i63198 _si |
||
| 999 |
_c58069 _d58069 |
||